Responses for Show #4493 - Wednesday, March 3, 2004

Contestants

[<< previous game]

Chris Parsons, an undergraduate student from Wabasso, Florida

Judy Weisman, a surgeon from Plattsburgh, New York

John Davies, a graduate student from Wilmington, Delaware (whose 1-day cash winnings total $11,599)

[next game >>]

Jeopardy! Round responses

2003 NOBEL PRIZE WINNERS
LITERARY POP
GHOST
WE LOVE L.A.
A THOUSAND SOMETHING
RHYME TIME
    $200 26
Economics

Chris
    $200 1
Tom Jones

John
    $200 11
ghost towns

Chris
    $200 4
Orson Welles

Chris
    $200 17
Trinidad

Chris
    $200 12
rice price

Triple Stumper
    $400 27
South Africa

John
    $400 2
Moby

John
    $400 22
London

John
    $400 5
the Sunset Strip

Chris
    $400 18
John F. Kennedy

Judy
    $400 13
cool pool

Chris
    $600 28
Physics

Judy
    $600 3
Charlie and the Chocolate Factory

Chris
    $600 23
(John: What is Buckingham Palace?)

Windsor Castle

John
Triple Stumper
    $600 6
Tarzan of the Apes

Triple Stumper
    $1,000 19
the Eiffel Tower

Judy
    $600 14
loud crowd

Judy
    $800 29
Iran

Chris
    $800 9
Steppenwolf

Chris
    $800 24
(Jacob) Marley

John
    $800 7
San Diego

Chris
    $800 20
the Equator

John
    $800 15
salt vault

Judy
    $1000 30
(Chris: What is the Nobel in Chemistry?)

Medicine

JohnChris
    $1000 10
The Doors

John
    $1000 25
Saul

Chris
    $1000 8
(Chris: What is Malibu?)

the Santa Monica Mountains

Chris
Triple Stumper
    $1000 21
1620

Chris
    $1000 16
kissed Liszt

Chris

Scores at the first commercial break (after clue 16):

John Judy Chris
$1,600 $1,400 $3,400

Scores at the end of the Jeopardy! Round:

John Judy Chris
$4,400 $3,400 $5,600

Double Jeopardy! Round responses

THE MAUREEN CORPS
(Alex: Not Marine.)
SEMPER "FI"
A FEW GOOD MEN
YOU CAN'T
HANDEL
(Alex: Guess what's coming?)
THE TRUTH
(Alex: That's our tribute to the Marines today!)
    $400 17
Marcia Brady

John
    $400 22
Fido

Judy
    $400 13
John Wilkes Booth

John
    $400 8
mercury

John
    $400 3
The Messiah

John
    $400 1
Mrs. Butterworth's

John
    $800 18
Maureen O'Sullivan

Judy
    $800 23
final cut

John
    $800 14
Stetson

Judy
    $800 9
Sunday

John
    $800 4
Baroque

Chris
    $800 2
$50

Chris
    $1200 19
Maureen O'Hara

John
    $1200 25
Finance

Judy
    $1200 15
Mathew Brady

Judy
    $1200 10
a will

John
    $1200 5
Solomon

John
    $1200 28
the Electoral College

Chris
    $1600 20
the Velvet Underground

John
    $1600 26
fire ant

Chris
    $1600 16
(Chris: What is Hope?)

Sir Thomas Cullinan

Chris
Triple Stumper
    $1600 11
(Alex: So why am I constantly getting them?)

faxes

Chris
    $1600 6
George I

John
    $1600 29
Rutgers

Chris
    $2000 21
Maureen Dowd

John
    $2000 27
finite

Chris
    $2000 24
(John: Who is Eisenhower?)

Jimmy Carter (from the Naval Academy)

John
Triple Stumper
    $1,200 12
bear-baiting

Chris
    $2,000 7
Water Music

John
    $2000 30
the Antilles

John

Scores at the end of the Double Jeopardy! Round:

John Judy Chris
$18,800 $7,800 $14,800

[wagering suggestions for these scores]

Final Jeopardy! Round responses

RECENT MOVIES
(Alex: Oh-oh, Judy hasn't been to the movies in a while!)
JudyWhat is Chicago?
$3,000
ChrisWhat is Chicago?
$4,001
JohnWhat is Hairspray
$10,801
Chicago

Final scores:

John Judy Chris
$7,999 $10,800 $18,801
3rd place: $1,000 2nd place: $2,000 New champion: $18,801

Game dynamics:

Coryat scores:

John Judy Chris
$18,800 $7,400 $15,600
23 R
(including 1 DD),
2 W
10 R
(including 1 DD),
0 W
21 R
(including 1 DD),
3 W

Combined Coryat: $41,800

[game clues] [game scores] [suggest correction]

Game tape date: 2003-12-03
The J! Archive is created by fans, for fans. Scraping, republication, monetization, and malicious use prohibited; this site may use cookies and collect identifying information. See terms. The Jeopardy! game show and all elements thereof, including but not limited to copyright and trademark thereto, are the property of Jeopardy Productions, Inc. and are protected under law. This website is not affiliated with, sponsored by, or operated by Jeopardy Productions, Inc. Join the discussion at JBoard.tv.